[Event "Royal City Masters U2200"]
[Site "Guelph CAN"]
[Date "2025.08.02"]
[Round "3.41"]
[White "Syed, Farhaan"]
[Black "Fu, Ashley"]
[Result "1-0"]
[WhiteElo "1815"]
[BlackElo "1867"]
[WhiteFideId "-1"]
[WhiteFideId "-1"]
[PlyCount "87"]
[GameId "2209063426742346"]
[EventDate "2025.08.01"]
[EventType "swiss"]
[EventRounds "9"]
[EventCountry "CAN"]

1. d4 d5 2. Nc3 Nf6 3. Bf4 a6 4. e3 Bf5 5. f3 e6 6. g4 Bg6 7. h4 h5 8. g5 Nfd7 9. Bd3 Bxd3 10. Qxd3 c5 11. a4 Nc6 12. Nge2 Be7 13. Rg1 Rc8 14. Qd2 e5 15. Bh2 exd4 16. exd4 cxd4 17. Nxd4 Bc5 18. Nxc6 bxc6 19. Rg2 O-O 20. O-O-O Qb6 21. Kb1 Rce8 22. Re2 Ba3 23. b3 Bb4 24. Rxe8 Rxe8 25. Bg1 Nc5 26. Qd4 Bxc3 27. Qxc3 Nxa4 28. Qa1 Nc5 29. Qd4 Re2 30. b4 Qb5 31. Qxc5 Qxc5 32. Bxc5 Rh2 33. Rd4 Kh7 34. Kb2 Kg6 35. Kb3 Kf5 36. Bd6 Rh3 37. Rf4+ Ke6 38. Bf8 g6 39. Rf6+ Ke5 40. Rxf7 Rxh4 41. Bg7+ Ke6 42. Rf6+ Kd7 43. Rxg6 Rf4 44. Rf6 1-0

[Event "Royal City Masters U2200"]
[Site "Guelph CAN"]
[Date "2025.08.02"]
[Round "3.42"]
[White "Runstedler, Albert"]
[Black "Li, Jerry"]
[Result "1/2-1/2"]
[WhiteElo "1811"]
[BlackElo "1819"]
[WhiteFideId "-1"]
[WhiteFideId "-1"]
[PlyCount "70"]
[GameId "2209063426742347"]
[EventDate "2025.08.01"]
[EventType "swiss"]
[EventRounds "9"]
[EventCountry "CAN"]

1. d4 Nf6 2. c4 e6 3. Nf3 b6 4. g3 Bb7 5. Bg2 Be7 6. O-O O-O 7. Nc3 d6 8. Qc2 Nbd7 9. Rd1 c5 10. e4 cxd4 11. Nxd4 a6 12. h3 Rc8 13. b3 Qc7 14. Bb2 Rfe8 15. Rac1 Bf8 16. Qd2 Nc5 17. Re1 Qd7 18. Re2 d5 19. exd5 exd5 20. Rxe8 Rxe8 21. cxd5 Nxd5 22. Nxd5 Bxd5 23. Rd1 Bxg2 24. Kxg2 Ne4 25. Qd3 Ng5 26. h4 Qh3+ 27. Kg1 Ne4 28. Ne2 Bc5 29. Bd4 Qg4 30. Bxc5 Nxc5 31. Qe3 Qc8 32. Qf3 h6 33. Nf4 Rd8 34. Nd5 Qe6 35. Kg2 Rc8 1/2-1/2

[Event "Royal City Masters U2200"]
[Site "Guelph CAN"]
[Date "2025.08.03"]
[Round "4.20"]
[White "Iordanescu, Victor Nicolae"]
[Black "Zhan, Jayden"]
[Result "1-0"]
[WhiteElo "2038"]
[BlackElo "2030"]
[WhiteFideId "-1"]
[WhiteFideId "-1"]
[PlyCount "99"]
[GameId "2209708000368451"]
[EventDate "2025.08.01"]
[EventType "swiss"]
[EventRounds "9"]
[EventCountry "CAN"]

1. Nf3 c5 2. g3 Nc6 3. c4 g6 4. Bg2 Bg7 5. Nc3 d6 6. d3 e5 7. a3 Nge7 8. Rb1 a5 9. O-O h6 10. Ne1 O-O 11. Nc2 Be6 12. Nd5 Rb8 13. b4 axb4 14. axb4 cxb4 15. Ncxb4 Nxb4 16. Nxb4 d5 17. Qb3 d4 18. Ba3 Re8 19. Nd5 Nf5 20. Bc5 Qd7 21. Ba7 Rbd8 22. Qxb7 Qxb7 23. Rxb7 Nd6 24. Rb3 f5 25. Nc7 Re7 26. Nxe6 Rxe6 27. Bd5 Kf7 28. Bc5 Kf6 29. Bxe6 Kxe6 30. Rb6 e4 31. Ra1 g5 32. Raa6 Be5 33. Bxd6 Rxd6 34. Rxd6+ Bxd6 35. c5 exd3 36. Rxd6+ Ke5 37. exd3 h5 38. Rd8 f4 39. c6 fxg3 40. c7 gxh2+ 41. Kxh2 Kf4 42. c8=Q Kf3 43. Qh3+ Ke2 44. Re8+ Kd2 45. Qf3 g4 46. Qe2+ Kc3 47. Rc8+ Kb3 48. Qc2+ Ka3 49. Qc5+ Ka2 50. Rb8 1-0

[Event "Royal City Masters U2200"]
[Site "Guelph CAN"]
[Date "2025.08.03"]
[Round "4.21"]
[White "Deepak, Laksshana"]
[Black "Ramesan, Raunak Amit"]
[Result "1/2-1/2"]
[WhiteElo "2135"]
[BlackElo "2016"]
[WhiteFideId "-1"]
[WhiteFideId "-1"]
[PlyCount "87"]
[GameId "2209708000446276"]
[EventDate "2025.08.01"]
[EventType "swiss"]
[EventRounds "9"]
[EventCountry "CAN"]

1. Nf3 d5 2. b3 Nf6 3. Bb2 Bf5 4. e3 e6 5. Be2 h6 6. O-O Bd6 7. c4 c6 8. d3 O-O 9. Ne5 Nbd7 10. Nxd7 Nxd7 11. Nc3 Bh7 12. d4 Qe7 13. Bd3 Bxd3 14. Qxd3 f5 15. c5 Bc7 16. f4 g5 17. b4 gxf4 18. exf4 Nf6 19. Qh3 Kh7 20. a4 Rg8 21. Rae1 Ne4 22. a5 Rg6 23. Re2 Rag8 24. Nxe4 dxe4 25. Kh1 a6 26. Qe3 Qf7 27. g3 Bd8 28. Rg2 Bf6 29. Rfg1 Kg7 30. g4 Kf8 31. g5 Bd8 32. h4 hxg5 33. hxg5 Rh8+ 34. Rh2 Rxh2+ 35. Kxh2 Qh7+ 36. Kg2 Qh4 37. Rh1 Qg4+ 38. Kf2 Bc7 39. Bc1 Kg8 40. Qh3 Qxh3 41. Rxh3 Rg7 42. Rh6 Rh7 43. Rxh7 Kxh7 44. Be3 1/2-1/2

[Event "Royal City Masters U2200"]
[Site "Guelph CAN"]
[Date "2025.08.03"]
[Round "4.22"]
[White "Qian, Eric"]
[Black "Filipovich, David"]
[Result "1-0"]
[WhiteElo "2097"]
[BlackElo "2020"]
[WhiteFideId "-1"]
[WhiteFideId "-1"]
[PlyCount "75"]
[GameId "2209708000458565"]
[EventDate "2025.08.01"]
[EventType "swiss"]
[EventRounds "9"]
[EventCountry "CAN"]

1. Nf3 g6 2. g3 Bg7 3. Bg2 c5 4. c4 Nc6 5. O-O e5 6. Nc3 Nge7 7. Ne1 O-O 8. Nc2 d6 9. a3 Be6 10. d3 d5 11. cxd5 Nxd5 12. Rb1 b6 13. Bd2 Rc8 14. Ne4 h6 15. Qe1 Nd4 16. Qd1 Qd7 17. Ne3 Nxe3 18. Bxe3 Bb3 19. Qd2 Nf5 20. Bh3 Be6 21. Rfc1 Nxe3 22. Bxe6 Qxe6 23. Qxe3 f5 24. Nd2 Rfe8 25. b4 cxb4 26. axb4 Rxc1+ 27. Rxc1 Rc8 28. Rc4 Rxc4 29. Nxc4 Qd5 30. Qc1 Qb5 31. Qa3 a6 32. Qb3 Kh7 33. Na3 Qc6 34. Nc4 Qb5 35. Nd6 Qc6 36. Qe6 a5 37. Qe7 Kg8 38. Qf7+ 1-0

[Event "Royal City Masters U2200"]
[Site "Guelph CAN"]
[Date "2025.08.03"]
[Round "4.23"]
[White "Velasquez, Noah"]
[Black "Colvin, Andrew"]
[Result "1/2-1/2"]
[WhiteElo "1989"]
[BlackElo "2034"]
[WhiteFideId "-1"]
[WhiteFideId "-1"]
[PlyCount "57"]
[GameId "2209708000458566"]
[EventDate "2025.08.01"]
[EventType "swiss"]
[EventRounds "9"]
[EventCountry "CAN"]

1. e4 d5 2. exd5 Qxd5 3. Nc3 Qd8 4. d4 Nf6 5. Nf3 Bg4 6. Bc4 e6 7. h3 Bxf3 8. Qxf3 c6 9. Be3 Bb4 10. O-O O-O 11. a3 Be7 12. Bd3 Nbd7 13. Rad1 Qa5 14. Bf4 Nd5 15. b4 Qd8 16. Ne4 Nxf4 17. Qxf4 Nf6 18. Nxf6+ Bxf6 19. Be2 Qe7 20. c3 Rfd8 21. Bf3 a5 22. Ra1 e5 23. dxe5 Qxe5 24. Qxe5 Bxe5 25. Rac1 axb4 26. axb4 g6 27. c4 Ra2 28. b5 cxb5 29. cxb5 1/2-1/2

[Event "Royal City Masters U2200"]
[Site "Guelph CAN"]
[Date "2025.08.03"]
[Round "4.24"]
[White "Nguyen, Minh Thong"]
[Black "Lazarev, Shon"]
[Result "0-1"]
[WhiteElo "2147"]
[BlackElo "1872"]
[WhiteFideId "-1"]
[WhiteFideId "-1"]
[PlyCount "104"]
[GameId "2209708000458567"]
[EventDate "2025.08.01"]
[EventType "swiss"]
[EventRounds "9"]
[EventCountry "CAN"]

1. d4 e6 2. c4 Nf6 3. Nf3 d5 4. g3 Be7 5. Bg2 O-O 6. O-O dxc4 7. Nbd2 b5 8. Ne5 Nd5 9. e4 Nb6 10. d5 exd5 11. exd5 Bd6 12. Nc6 Nxc6 13. dxc6 Be6 14. Ne4 Bd5 15. Bg5 Be7 16. Qh5 Bxe4 17. Bxe4 g6 18. Bxe7 Qxe7 19. Qf3 Rfe8 20. Rae1 Qc5 21. g4 Re6 22. Re3 Rae8 23. Rfe1 b4 24. h4 R8e7 25. h5 Qg5 26. hxg6 hxg6 27. Kg2 Kg7 28. Rh1 f5 29. Qh3 Qxg4+ 30. Qxg4 fxg4 31. Rhe1 Na4 32. b3 Nc3 33. Bc2 Rxe3 34. fxe3 cxb3 35. Bxb3 a5 36. Kg3 a4 37. Bc2 Re6 38. Kxg4 Rxc6 39. e4 Kf6 40. e5+ Ke7 41. Kg5 Rb6 42. Re3 c5 43. a3 Ra6 44. Bxg6 Nd5 45. Rd3 Rxg6+ 46. Kf5 Rb6 47. Rxd5 b3 48. e6 b2 49. Rd7+ Ke8 50. Kf6 b1=Q 51. Re7+ Kd8 52. Rd7+ Kc8 0-1

[Event "Royal City Masters U2200"]
[Site "Guelph CAN"]
[Date "2025.08.03"]
[Round "4.25"]
[White "Both, Aaron"]
[Black "Lin, Austin"]
[Result "1-0"]
[WhiteElo "2000"]
[BlackElo "2128"]
[WhiteFideId "-1"]
[WhiteFideId "-1"]
[PlyCount "65"]
[GameId "2209708000458568"]
[EventDate "2025.08.01"]
[EventType "swiss"]
[EventRounds "9"]
[EventCountry "CAN"]

1. e4 c5 2. Nc3 Nc6 3. Bb5 Nd4 4. Nf3 a6 5. Bd3 e6 6. O-O Bd6 7. Nxd4 cxd4 8. Ne2 Qc7 9. h3 Bc5 10. b4 Bxb4 11. Bb2 e5 12. f4 d6 13. c3 dxc3 14. Nxc3 Bc5+ 15. Kh1 Nf6 16. fxe5 dxe5 17. Rxf6 gxf6 18. Nd5 Qd8 19. Qf3 Bd6 20. Nxf6+ Kf8 21. Bc4 b5 22. Bb3 Ra7 23. Rf1 h5 24. d4 Qe7 25. Nd5 Qg5 26. Nb6 Bg4 27. Qf2 Rh7 28. dxe5 Bxe5 29. Qc5+ Re7 30. Ba3 b4 31. Bxb4 f6 32. Nd5 Bg3 33. Rxf6+ 1-0

[Event "Royal City Masters U2200"]
[Site "Guelph CAN"]
[Date "2025.08.03"]
[Round "4.26"]
[White "Jiang, Hancy"]
[Black "Dembla, Shabd"]
[Result "1/2-1/2"]
[WhiteElo "2112"]
[BlackElo "2000"]
[WhiteFideId "-1"]
[WhiteFideId "-1"]
[PlyCount "90"]
[GameId "2209708000524105"]
[EventDate "2025.08.01"]
[EventType "swiss"]
[EventRounds "9"]
[EventCountry "CAN"]

1. d4 Nf6 2. Nf3 e6 3. e3 d5 4. Bd3 Bd6 5. O-O Nbd7 6. Nbd2 O-O 7. c4 c6 8. b3 b6 9. Bb2 Qc7 10. cxd5 cxd5 11. Rc1 Qb8 12. e4 dxe4 13. Nxe4 Bb7 14. Nxd6 Qxd6 15. Re1 Qf4 16. Qd2 Nh5 17. Qxf4 Nxf4 18. Bb5 Nf6 19. Bf1 Nh3+ 20. gxh3 Bxf3 21. Ba6 Rfd8 22. Re3 Be4 23. Kf1 Bf5 24. a3 Nd5 25. Rg3 Rab8 26. Bc4 Nf4 27. d5 Nh5 28. Rg5 g6 29. dxe6 fxe6 30. Rxf5 gxf5 31. Bxe6+ Kf8 32. Bxf5 Rb7 33. Bg4 Ng7 34. Bf6 Re8 35. h4 Rf7 36. Bg5 Kg8 37. h5 Ref8 38. Rc2 Nf5 39. Be2 Nd4 40. Rd2 Rxf2+ 41. Ke1 Rxe2+ 42. Rxe2 Nf3+ 43. Kd1 Nxg5 44. Rg2 Rf5 45. h4 h6 1/2-1/2

[Event "Royal City Masters U2200"]
[Site "Guelph CAN"]
[Date "2025.08.03"]
[Round "4.27"]
[White "Ming, Wenyang"]
[Black "Bluvshtein, Ilia"]
[Result "0-1"]
[WhiteElo "1974"]
[BlackElo "2081"]
[WhiteFideId "-1"]
[WhiteFideId "-1"]
[PlyCount "76"]
[GameId "2209708000544586"]
[EventDate "2025.08.01"]
[EventType "swiss"]
[EventRounds "9"]
[EventCountry "CAN"]

1. e4 Nf6 2. e5 Nd5 3. d4 d6 4. Nf3 g6 5. h3 Bg7 6. Bc4 c6 7. O-O O-O 8. a4 Qc7 9. Qe2 dxe5 10. Nxe5 Nd7 11. f4 Nxe5 12. fxe5 Be6 13. Qe4 Rad8 14. Nd2 c5 15. c3 cxd4 16. cxd4 Bf5 17. Rxf5 gxf5 18. Qh4 e6 19. Bxd5 Rxd5 20. Nf3 f6 21. Bf4 Qd8 22. exf6 Qxf6 23. Bg5 Qg6 24. Rc1 f4 25. Rc7 Bxd4+ 26. Nxd4 Rxd4 27. Bh6 Rd1+ 28. Kf2 Qg3+ 29. Qxg3+ fxg3+ 30. Ke2 Rfd8 31. Rg7+ Kh8 32. Rxb7 a5 33. Bg7+ Kg8 34. Be5 R1d2+ 35. Kf3 R8d3+ 36. Kg4 Rxg2 37. Rg7+ Kf8 38. Rxh7 Re2 0-1

[Event "Royal City Masters U2200"]
[Site "Guelph CAN"]
[Date "2025.08.03"]
[Round "4.28"]
[White "Winfield, Jordan"]
[Black "Heran-Boily, Samuel"]
[Result "0-1"]
[WhiteElo "1890"]
[BlackElo "2058"]
[WhiteFideId "-1"]
[WhiteFideId "-1"]
[PlyCount "66"]
[GameId "2209708000548683"]
[EventDate "2025.08.01"]
[EventType "swiss"]
[EventRounds "9"]
[EventCountry "CAN"]

1. c4 Nf6 2. Nf3 g6 3. d4 d5 4. Nc3 c6 5. Bf4 dxc4 6. e4 b5 7. e5 Nd5 8. Nxd5 Qxd5 9. a4 Qe4+ 10. Be3 e6 11. Nd2 Bb4 12. Be2 Bxd2+ 13. Kxd2 Bb7 14. Ra3 Qd5 15. Bf3 Qd7 16. axb5 cxb5 17. h4 Nc6 18. Kc1 Nb4 19. h5 Nd3+ 20. Kb1 a5 21. hxg6 fxg6 22. Bxb7 Qxb7 23. Qg4 Kd7 24. Qg5 b4 25. Qf6 bxa3 26. Qf7+ Kc8 27. Qxe6+ Kb8 28. Qd6+ Qc7 29. Qxa3 Ra6 30. d5 Qxe5 31. Rxh7 Rxh7 32. Qf8+ Kb7 33. Qb8+ Kxb8 0-1

[Event "Royal City Masters U2200"]
[Site "Guelph CAN"]
[Date "2025.08.03"]
[Round "4.29"]
[White "Chertkow, Matthew"]
[Black "Desforges, Jean"]
[Result "1-0"]
[WhiteElo "1855"]
[BlackElo "2013"]
[WhiteFideId "-1"]
[WhiteFideId "-1"]
[PlyCount "141"]
[GameId "2209708000556876"]
[EventDate "2025.08.01"]
[EventType "swiss"]
[EventRounds "9"]
[EventCountry "CAN"]

1. e4 d5 2. exd5 Nf6 3. d4 Nxd5 4. Nf3 g6 5. Be2 Bg7 6. O-O O-O 7. c4 Nb6 8. Nc3 Nc6 9. c5 Nd5 10. Qb3 Nxc3 11. bxc3 b6 12. Be3 e5 13. Rfd1 exd4 14. cxb6 cxb6 15. cxd4 Na5 16. Qb4 Bb7 17. Ne1 Qd7 18. Rac1 Rac8 19. d5 Rxc1 20. Bxc1 Rd8 21. Bg5 Qd6 22. Qa4 Rc8 23. Bf3 h6 24. Be3 a6 25. Bf4 Qd8 26. Qe4 Nc4 27. Rc1 Nd6 28. Rxc8 Nxc8 29. Nd3 Ne7 30. Nb4 Nf5 31. Nc6 Qd7 32. g3 Nd6 33. Qb4 Nc8 34. Qb3 g5 35. Be3 b5 36. Qb4 Nd6 37. Bd4 Bxd4 38. Qxd4 Nc4 39. Qf6 Qd6 40. Ne7+ Kf8 41. Ng6+ Ke8 42. Qh8+ Kd7 43. Nf8+ Kc7 44. Nh7 Bxd5 45. Nf6 Bc6 46. Ne8+ Bxe8 47. Qxe8 Ne5 48. Be4 f5 49. Bg2 g4 50. h4 Qd1+ 51. Kh2 Nf3+ 52. Bxf3 Qxf3 53. Qe7+ Kb6 54. Qd6+ Ka5 55. Qd2+ Ka4 56. h5 b4 57. Kg1 Ka3 58. Qxh6 a5 59. Qd2 a4 60. h6 b3 61. axb3 axb3 62. Qa5+ Kb2 63. h7 Qd1+ 64. Kh2 Qd4 65. Qxf5 Ka1 66. Qf8 b2 67. Qa8+ Kb1 68. h8=Q Qxh8+ 69. Qxh8 Kc1 70. Qc3+ Kb1 71. f4 1-0

[Event "Royal City Masters U2200"]
[Site "Guelph CAN"]
[Date "2025.08.03"]
[Round "4.30"]
[White "Huang, Justin"]
[Black "Kola, Venkat Karthikeya R"]
[Result "0-1"]
[WhiteElo "1988"]
[BlackElo "2140"]
[WhiteFideId "-1"]
[WhiteFideId "-1"]
[PlyCount "116"]
[GameId "2209708000573261"]
[EventDate "2025.08.01"]
[EventType "swiss"]
[EventRounds "9"]
[EventCountry "CAN"]

1. d4 Nf6 2. c4 e6 3. Nf3 d5 4. e3 Be7 5. Nbd2 O-O 6. b3 b6 7. Bb2 Bb7 8. Bd3 Nbd7 9. O-O c5 10. Rc1 Rc8 11. Qe2 Rc7 12. Ne5 cxd4 13. exd4 dxc4 14. bxc4 Nxe5 15. dxe5 Nd7 16. Bb1 Nc5 17. Rc3 f5 18. Rh3 Qe8 19. Ba3 Qf7 20. Rc1 Rd8 21. Nb3 Nxb3 22. Rxb3 Rcd7 23. Bxe7 Qxe7 24. Rbc3 Qg5 25. f3 Rd2 26. Qf1 Qh4 27. R3c2 Ba6 28. Kh1 Qf4 29. Rxd2 Rxd2 30. Rc2 Bxc4 31. Qc1 Rd4 32. Kg1 Qh4 33. g3 Qd8 34. Kg2 b5 35. Rf2 Rd1 36. Qb2 Bf1+ 37. Rxf1 Rd2+ 38. Rf2 Rxb2 39. Rxb2 a6 40. a4 Qd4 41. Re2 Qxa4 42. Ba2 Kf7 43. Rd2 Ke7 44. Rb2 Qd4 45. Rc2 Qxe5 46. Kf2 a5 47. Re2 Qc5+ 48. Kg2 Qb6 49. f4 a4 50. g4 g6 51. gxf5 gxf5 52. Bb1 Kf6 53. Bc2 Qc6+ 54. Kf2 b4 55. Bd1 b3 56. Rb2 Qb6+ 57. Ke2 Qd4 58. Rd2 Qxf4 0-1

[Event "Royal City Masters U2200"]
[Site "Guelph CAN"]
[Date "2025.08.03"]
[Round "4.31"]
[White "Satish Alwar, Dharsan"]
[Black "Nassif, Aba"]
[Result "0-1"]
[WhiteElo "1792"]
[BlackElo "2100"]
[WhiteFideId "-1"]
[WhiteFideId "-1"]
[PlyCount "50"]
[GameId "2209708000581454"]
[EventDate "2025.08.01"]
[EventType "swiss"]
[EventRounds "9"]
[EventCountry "CAN"]

1. d4 e5 2. dxe5 d6 3. exd6 Bxd6 4. Nf3 Nc6 5. e3 Bg4 6. Be2 Qe7 7. c3 O-O-O 8. Qc2 Kb8 9. Nbd2 Nh6 10. Nc4 Bf5 11. Qb3 Bc5 12. Nd4 Bxd4 13. cxd4 Rxd4 14. Bf3 Be4 15. Bxe4 Qxe4 16. f3 Qg6 17. Ne5 Nxe5 18. exd4 Qxg2 19. Rf1 Nc6 20. Be3 Nf5 21. Rd1 Re8 22. Rf2 Qg5 23. f4 Qg4 24. Re2 Nfxd4 25. Rxd4 Nxd4 0-1

[Event "Royal City Masters U2200"]
[Site "Guelph CAN"]
[Date "2025.08.03"]
[Round "4.32"]
[White "Chen, Larry"]
[Black "Maulucci, Anthony"]
[Result "0-1"]
[WhiteElo "1985"]
[BlackElo "2046"]
[WhiteFideId "-1"]
[WhiteFideId "-1"]
[PlyCount "78"]
[GameId "2209708000589647"]
[EventDate "2025.08.01"]
[EventType "swiss"]
[EventRounds "9"]
[EventCountry "CAN"]

1. d4 d5 2. c4 e6 3. Nf3 Nf6 4. Bg5 dxc4 5. Qa4+ Nbd7 6. Qxc4 c5 7. Nc3 a6 8. e3 b5 9. Qd3 c4 10. Qc2 Qa5 11. a3 Bb7 12. Be2 Ne4 13. O-O Nxg5 14. Nxg5 Be7 15. Bf3 Bxf3 16. Nxf3 Rc8 17. e4 O-O 18. Nd1 Nf6 19. Ne3 Rfd8 20. Rad1 c3 21. e5 Nd5 22. Nxd5 exd5 23. Rd3 cxb2 24. Qxb2 Rc6 25. Re1 Rdc8 26. Qb3 Rc3 27. Rxc3 Rxc3 28. Qxd5 Rxf3 29. Qa8+ Bf8 30. gxf3 Qxe1+ 31. Kg2 Qd2 32. Qd8 h6 33. h4 Qf4 34. Kf1 Qxf3 35. Kg1 Qxa3 36. Kg2 Qe7 37. Qb8 Qxh4 38. Qb6 Qe4+ 39. f3 Qg6+ 0-1

[Event "Royal City Masters U2200"]
[Site "Guelph CAN"]
[Date "2025.08.03"]
[Round "4.33"]
[White "Varakunan, Cadiron"]
[Black "Fu, Odyssey"]
[Result "1-0"]
[WhiteElo "2062"]
[BlackElo "1981"]
[WhiteFideId "-1"]
[WhiteFideId "-1"]
[PlyCount "135"]
[GameId "2209708000597840"]
[EventDate "2025.08.01"]
[EventType "swiss"]
[EventRounds "9"]
[EventCountry "CAN"]

1. e4 c5 2. Nf3 e6 3. c3 Nf6 4. e5 Nd5 5. d4 cxd4 6. cxd4 Nc6 7. Nc3 d6 8. Bb5 Nxc3 9. bxc3 d5 10. Bd3 Be7 11. h4 h6 12. h5 Bd7 13. Rh3 Qc7 14. Nd2 Na5 15. Bb2 Bg5 16. Nb3 Ba4 17. Qg4 Nc4 18. Qe2 Rc8 19. Kf1 O-O 20. Bc1 Bxc1 21. Rxc1 Qe7 22. Rg3 Qh4 23. Kg1 Qe7 24. Bb1 Na3 25. Bd3 a6 26. Nc5 Bb5 27. Bxb5 Nxb5 28. a4 Nxd4 29. cxd4 b6 30. Nd3 Rxc1+ 31. Nxc1 Rc8 32. Nd3 Rc4 33. Qe3 Kh8 34. Nb2 Rc2 35. Qb3 Rc1+ 36. Nd1 a5 37. Rc3 Qb4 38. Kh2 Qxb3 39. Rxb3 Rxd1 40. Rxb6 Rxd4 41. Rb7 Rxa4 42. Kg3 Ra3+ 43. f3 Re3 44. Kf4 Re2 45. Rxf7 Rxg2 46. Re7 g5+ 47. Ke3 Rb2 48. Rxe6 Kg7 49. Rg6+ Kf8 50. Rxh6 a4 51. Ra6 Rb4 52. Ra5 Rh4 53. Rxd5 Rxh5 54. Ke4 Rh3 55. Ra5 Rh4+ 56. Kf5 Rf4+ 57. Ke6 Rxf3 58. Rxa4 Kg7 59. Kd7 Rd3+ 60. Ke7 Kg6 61. e6 Kh5 62. Re4 Ra3 63. Kf6 g4 64. e7 Ra8 65. e8=Q+ Rxe8 66. Rxe8 Kh4 67. Kf5 g3 68. Rg8 1-0

[Event "Royal City Masters U2200"]
[Site "Guelph CAN"]
[Date "2025.08.03"]
[Round "4.34"]
[White "Blair, Michael"]
[Black "Achyuth, Akshaj"]
[Result "0-1"]
[WhiteElo "2139"]
[BlackElo "1971"]
[WhiteFideId "-1"]
[WhiteFideId "-1"]
[PlyCount "68"]
[GameId "2209708000610129"]
[EventDate "2025.08.01"]
[EventType "swiss"]
[EventRounds "9"]
[EventCountry "CAN"]

1. e4 c6 2. d4 d5 3. exd5 cxd5 4. Bd3 Nc6 5. c3 g6 6. Bf4 Nf6 7. Nf3 Bg7 8. O-O Bf5 9. Re1 Qb6 10. a4 Ne4 11. b4 Rc8 12. a5 Qd8 13. Nh4 e6 14. Nxf5 gxf5 15. Ra3 Ne7 16. Bxe4 fxe4 17. f3 Ng6 18. Bg3 f5 19. fxe4 dxe4 20. Qa4+ Kf7 21. Qb5 Qd5 22. Qe2 Rhf8 23. Rf1 Kg8 24. Bf2 Nf4 25. Qa2 Qc6 26. Be3 Nd5 27. Qd2 Rf6 28. g3 Rcf8 29. Bf4 Nxf4 30. Qxf4 Bh6 31. b5 Qd5 32. Qe5 Qc4 33. g4 Be3+ 34. Rf2 fxg4 0-1

[Event "Royal City Masters U2200"]
[Site "Guelph CAN"]
[Date "2025.08.03"]
[Round "4.35"]
[White "Fischer, Jacob"]
[Black "Lukinykh, Slava"]
[Result "1-0"]
[WhiteElo "1809"]
[BlackElo "2139"]
[WhiteFideId "-1"]
[WhiteFideId "-1"]
[PlyCount "129"]
[GameId "2209708000618322"]
[EventDate "2025.08.01"]
[EventType "swiss"]
[EventRounds "9"]
[EventCountry "CAN"]

1. d4 Nf6 2. c4 d6 3. Nc3 Nbd7 4. Nf3 e5 5. e3 c6 6. e4 Be7 7. Be2 O-O 8. O-O a6 9. a3 b5 10. Re1 Re8 11. Be3 Qc7 12. Rc1 Qb8 13. Qc2 Bb7 14. d5 cxd5 15. cxd5 Rc8 16. b4 Bd8 17. Nd2 Bb6 18. Bxb6 Nxb6 19. Qb3 Qc7 20. Rc2 Qd7 21. h3 Rc7 22. Rec1 Rac8 23. Nd1 g6 24. Ne3 h5 25. Rxc7 Rxc7 26. Rxc7 Qxc7 27. Qc2 Qxc2 28. Nxc2 Na4 29. f3 h4 30. Ne3 Nh5 31. Kf2 Nc3 32. Nd1 Nxd1+ 33. Bxd1 Ng3 34. Nf1 Nh5 35. Nd2 Kf8 36. a4 Nf4 37. axb5 Nd3+ 38. Ke3 Nxb4 39. b6 Ke7 40. Nc4 f5 41. Bb3 Bxd5 42. exd5 Nxd5+ 43. Kf2 Kd8 44. Nxd6 Nxb6 45. Nf7+ Ke7 46. Nxe5 Kf6 47. Nc6 Nd7 48. Bc4 Nc5 49. Ke3 g5 50. Kd4 Nd7 51. Bxa6 g4 52. fxg4 fxg4 53. hxg4 Kg5 54. Ne5 Nf6 55. Ke3 Nd5+ 56. Kf3 Nf6 57. Bc8 Ne8 58. Nd3 Nd6 59. Be6 Kf6 60. Bd5 Kg5 61. Nf2 Nb5 62. Ne4+ Kg6 63. Kf4 Nd4 64. g5 Nf5 65. Nf6 1-0

[Event "Royal City Masters U2200"]
[Site "Guelph CAN"]
[Date "2025.08.03"]
[Round "4.36"]
[White "Pottinger, Carl"]
[Black "Klarner, William"]
[Result "1-0"]
[WhiteElo "1710"]
[BlackElo "2034"]
[WhiteFideId "-1"]
[WhiteFideId "-1"]
[PlyCount "93"]
[GameId "2209708000626515"]
[EventDate "2025.08.01"]
[EventType "swiss"]
[EventRounds "9"]
[EventCountry "CAN"]

1. d4 Nf6 2. Bf4 c5 3. d5 d6 4. Nc3 g6 5. Nf3 Bg7 6. Qd2 h6 7. e4 Na6 8. h3 Nd7 9. Bb5 Qa5 10. Bxd7+ Bxd7 11. e5 O-O-O 12. exd6 exd6 13. O-O g5 14. Bg3 Bf5 15. a3 Bxc3 16. bxc3 Qa4 17. Ne1 Qc4 18. f4 g4 19. hxg4 Bxg4 20. f5 h5 21. Rf4 Qb5 22. Nd3 Qd7 23. Raf1 Nc7 24. c4 Rde8 25. R1f2 f6 26. Bh4 Qf7 27. Qc3 Rhf8 28. Ne1 Re5 29. Nf3 Re7 30. Nd2 Re5 31. Nf3 Re7 32. Nd2 Ne8 33. Re4 Re5 34. Rxe5 fxe5 35. f6 b6 36. Qe3 Qg6 37. Qg5 Qxg5 38. Bxg5 Rf7 39. Ne4 Kd7 40. Kh2 a6 41. a4 Kc7 42. Kg3 Bd1 43. Kh4 b5 44. cxb5 axb5 45. axb5 c4 46. Bh6 Kb6 47. Kg5 1-0

[Event "Royal City Masters U2200"]
[Site "Guelph CAN"]
[Date "2025.08.03"]
[Round "4.37"]
[White "Yin, Zeming"]
[Black "Leliveld, Andrew"]
[Result "1-0"]
[WhiteElo "1999"]
[BlackElo "1969"]
[WhiteFideId "-1"]
[WhiteFideId "-1"]
[PlyCount "95"]
[GameId "2209708000634708"]
[EventDate "2025.08.01"]
[EventType "swiss"]
[EventRounds "9"]
[EventCountry "CAN"]

1. e4 c6 2. Nf3 d5 3. Nc3 dxe4 4. Nxe4 Bg4 5. h3 Bxf3 6. Qxf3 e6 7. g3 Nd7 8. Bg2 Ngf6 9. Nxf6+ Nxf6 10. O-O Be7 11. Rd1 O-O 12. d4 Qb6 13. Qe2 Rfd8 14. c3 Nd5 15. c4 Qa6 16. Qc2 Nb6 17. b3 Bf6 18. Bb2 Qa5 19. a4 Rd7 20. Bc3 Qh5 21. a5 Nc8 22. a6 Ne7 23. axb7 Rxb7 24. Ra5 Qg6 25. Be4 Qh6 26. h4 g6 27. b4 Rc7 28. Ra6 Qg7 29. Qa4 Rd7 30. Bxc6 Nxc6 31. Qxc6 Rad8 32. Qc5 Bxd4 33. Bxd4 Rxd4 34. Rxd4 Qxd4 35. Rxa7 Qxc5 36. bxc5 Rc8 37. Ra5 Kg7 38. Kg2 Kf6 39. Kf3 Ke5 40. Ke3 Rc6 41. Kd3 h5 42. Kc3 Ke4 43. Kb4 Kf3 44. Kb5 Rc8 45. Ra2 f6 46. c6 g5 47. Kb6 gxh4 48. gxh4 1-0

[Event "Royal City Masters U2200"]
[Site "Guelph CAN"]
[Date "2025.08.03"]
[Round "4.38"]
[White "Fillmore, Louis"]
[Black "Cheung, Oscar"]
[Result "1-0"]
[WhiteElo "1998"]
[BlackElo "1815"]
[WhiteFideId "-1"]
[WhiteFideId "-1"]
[PlyCount "85"]
[GameId "2209708000642901"]
[EventDate "2025.08.01"]
[EventType "swiss"]
[EventRounds "9"]
[EventCountry "CAN"]

1. e4 e5 2. Nf3 Nc6 3. d4 exd4 4. Nxd4 Qf6 5. Be3 Bc5 6. c3 Nge7 7. Bb5 O-O 8. O-O a6 9. Ba4 Bxd4 10. cxd4 d5 11. Nc3 Rd8 12. Bc2 Nb4 13. e5 Qe6 14. Bb1 c5 15. dxc5 Nbc6 16. Qh5 g6 17. Qh6 Nf5 18. Bxf5 Qxf5 19. Bg5 f6 20. Bxf6 Rd7 21. Nxd5 Rf7 22. Nb6 Rb8 23. Nc4 Rxf6 24. exf6 Qxf6 25. Rad1 Be6 26. Rd6 Qf5 27. Ne3 Qe5 28. Qh4 Bxa2 29. Ng4 Qg7 30. Rd7 Bf7 31. Nh6+ Kh8 32. Nxf7+ Kg8 33. Nh6+ Kh8 34. Rxg7 Kxg7 35. Ng4 Rf8 36. Rd1 Rf7 37. Qh6+ Kg8 38. Ne5 Rf8 39. Rd7 Rf7 40. Rxf7 Nxe5 41. Rxb7 Nf7 42. Rxf7 Kxf7 43. Qxh7+ 1-0